000 00458nam a2200181 4500
001 25817
005 20230410143241.0
008 060907n2004 dr spa
020 _a2200266804
035 _9funglode26010
041 _aFR
050 1 4 _aFrank
100 _aRiviere, Dominique
245 1 _aL'Italie :
_bdes regions a l'Europe /
_cDominique Riviere
260 _aParis :
_bArmand Colin,
_c2004
300 _a252 p.
942 _2lcc
_cbk
999 _c98096
_d98096